Schlechteste 2. Bundesliga Absteiger - Statistiken

Allgemein
  • Dieses Quiz wurde 12 mal gespielt
  • Das Durchschnittsergebnis liegt bei 7 aus 20
Antwortstatistiken
Platz Saison Verein Punkte; (TD) % Korrekt
7. 2010/11 Arminia Bielefeld 17; (-37)
70%
20. 2006/07 Eintracht Braunschweig 23; (-28)
60%
11. 2012/13 SSV Jahn Regensburg 19; (-29)
60%
16. 2021/22 FC Ingolstadt 04 21; (-35)
50%
5. 1994/95 FSV Frankfurt 15; (-64)
50%
1. 1993/94 Rot-Weiss Essen 0; (+/-0)
50%
19. 1977/78 Schwarz-Weiß Essen 23; (-47)
50%
12. 1985/86 MSV Duisburg 20; (-52)
40%
14. 1977/78 Würzburger Kickers 21; (-55)
40%
17. 1991/92 FC Rot-Weiß Erfurt 22; (-39)
30%
15. 1979/80 Wuppertaler SV 21; (-49)
30%
6. 2000/01 Chemnitzer FC 16; (-54)
20%
3. 1975/76 Spandauer SV 10; (-82)
20%
8. 1975/76 SSV Reutlingen 05 18; (-64)
20%
9. 2001/02 SV Babelsberg 03 18; (-43)
20%
13. 1976/77 VfL Wolfsburg 21; (-73)
20%
4. 1990/91 1. FC Schweinfurt 05 15; (-69)
10%
10. 1976/77 BSV 07 Schwenningen 19; (-71)
10%
18. 2009/10 Rot Weiss Ahlen 22; (-36)
10%
2. 1977/78 FK Pirmasens 7; (-95)
0%
Keine übereinstimmenden Quizze gefunden
Verteilung der Resultate
Anzahl Personen mit jedem Resultat
Perzentil nach korrekt beantworteten Fragen
Ihre Resultats-Entwicklung
Sie haben dieses Quiz noch nicht gespielt